| 000 | 00666nam a2200169 a 4500 | ||
|---|---|---|---|
| 005 | 20140412111342.0 | ||
| 008 | 040114s19uu xx 00 eng d | ||
| 050 |
_aER _bN66 19? |
||
| 100 | _aSpurgeon, Maureen | ||
| 245 |
_aNoisy little tractor (the) / _cstory by Maureen Spurgeon ; illustrated by Gill Guile. |
||
| 260 |
_aEngland : _bBrown Watson, _c[n.d.] |
||
| 300 | _a1 v. (unp.) ; ill. | ||
| 520 | _aToby is a noisy little tractor who annoys his friend by tooting his horn all day long. However, when disaster strikes on the farm, they are glad of the noise he makes! | ||
| 650 | _aTransportation--Fiction | ||
| 650 | _aChildren stories | ||
| 999 |
_c105154 _d105154 |
||